000 00643cam a2200193 4500
001 ##D1542
008 090401t1980 xxu||||| |||| 00| 0 eng d
035 _a(Sirsi) u64476
041 0 _aeng
050 0 0 _a526
100 1 _aBomford, G.
245 0 0 _aGeodesy
250 _a4th ed.
260 _aOxford
_bClarendon Press
_c1980
300 _axii, 855p.
_c24cm.
350 _a49
505 2 _aTriangulation, traverse, and trilateration (field work) -- Computation of triangulation, traverse, and trilateration -- Heights above sea-level -- Geodetic astronomy -- Gravity observations -- Physical geodesy -- Artificial satellites
942 _n0
999 _c94680
_d94680